000 00975nam a22002297a 4500
003 PE SENCICO BE
005 20251020182646.0
008 231109b |||||||| |||| 00| 0 eng d
040 _aPE SENCICO BE
_cPE SENCICO BE
041 _aspa
084 _aI
_aRED
_a2018
_bM72
100 1 _91765
_aMoises Sarabia, Juan Carlos
_eautor
245 1 _aOperación, mantenimiento y mejoramiento del sistema condominial de alcantarillado en la quebrada de Manchay /
_cJuan Carlos Moises Sarabia
260 _aLima :
_c2018
300 _a42 h. :
_bil. col., tabls. ;
_c30 cm.
502 _aMonografía de Titulación.-- Servicio Nacional de Capacitación para la Industria de la Construcción. Escuela Superior Técnica. Carrera Profesional Técnica en Redes de Agua Potable y Agua Residual, 2018
650 1 0 _91763
_aSistema de agua potable y alcantarillado
650 2 0 _996
_aSeguridad industrial
650 2 0 _9103
_aInstalaciones sanitarias
910 _bhfp
_chfp
942 _cMON
999 _c4424
_d4424